Statistics for German Football Logos

Click here to take the quiz!

General Stats

  • This quiz has been taken 267 times
    (258 since last reset)
  • The average score is 10 of 12

Answer Stats

Answer% Correct
Hoffenheim
96%
Koln
95%
Bayer Leverkusen
94%
Schalke
94%
Mainz
93%
Hannover
91%
Hertha Berlin
86%
Werder Bremen
85%
Borussia Monchengladbach
80%
Ingolstadt
78%
Augsburg
73%
Freiburg
67%

Score Distribution

Percentile by Number Answered

Percent of People with Each Score

Your Score History

You have not taken this quiz since the last reset